| 000 | 00644nam a22001697a 4500 | ||
|---|---|---|---|
| 999 |
_c14837 _d14837 |
||
| 008 | 200110b ||||| |||| 00| 0 eng d | ||
| 082 |
_22019 _aUT 1405 _bP75 |
||
| 100 |
_aPojeda, Jeandel Roeba _941199 |
||
| 245 |
_aA Tracer Study of Bachelor of Elementary Education Graduates of UM Digos College (2012-2017)/ _cJeandel Roeba Pojeda, Floramae Petagara & Judy Antic |
||
| 260 |
_aDigos City _bUMDC _cNovember 2019 |
||
| 300 |
_a36 pages _c30cm |
||
| 650 |
_aEducation _vElementary _xUndergraduate Thesis _941161 |
||
| 700 |
_aPojeda, Jeandel Roeba _941199 |
||
| 700 |
_aPetagara, Floramae _941200 |
||
| 700 |
_aAntic, Judy _941201 |
||
| 942 |
_2ddc _cUT |
||